| 000 | 00953nam a2200289Ia 4500 | ||
|---|---|---|---|
| 001 | Para_1330 | ||
| 003 | CHAP | ||
| 008 | 220125s1998 xx 000 0 und d | ||
| 010 | _a200038 | ||
| 040 | _cCHAP | ||
| 090 | _aPA TESIS 1271 | ||
| 100 |
_aHernández Moreno, Victor Manuel _954388 |
||
| 245 |
_aEvaluación de boquillas hidraúlicas para el control de malezas con herbicidas de contacto / _c por Victor Manuel Hernández Moreno |
||
| 260 |
_aChapingo, Méx. : _b El autor |
||
| 300 | _a77 h. | ||
| 502 | _aTesis (Ing. Agr. Esp. en Parasitología Agrícola), UACh. Depto. Parasitología | ||
| 650 |
_aHerbicidas _953691 |
||
| 650 |
_aPesticidas _x aplicación _987539 |
||
| 710 |
_aUACh. Departamento de Parasitología Agrícola _9115877 |
||
| 901 | _aPA TESIS 1271 | ||
| 902 | _aA | ||
| 905 | _a0000001998 i 0000000000 00 | ||
| 910 | _a1998 | ||
| 942 | _cPARA | ||
| 942 |
_cPARA _d1 |
||
| 999 |
_c200038 _d200038 |
||